Problem zatorów i powodzi zatorowych na dolnej Wiśle

Titel: Problem zatorów i powodzi zatorowych na dolnej Wiśle
Verfasser:
In: Przegla̜d geograficzny, Band 57, Heft 4 (1985), Seite 499-525
alle Artikel anzeigen
Veröffentlicht: 1985
Format: Aufsatz
Sprache: Polnisch
Kein Bild verfügbar
X
alg: 39192016
001A    $01999:11-11-16 
001B    $01999:12-03-21 $t19:05:48.000 
001C    $06050:19-11-16 $t08:53:25.000 
001D    $01999:11-11-16 
001U    $0utf8 
001X    $00 
002@    $0Aox 
003@    $0391920162 
007A    $0391920162 $aHEB 
007T    $0Herd18957 
010@    $apol 
011@    $a1985 
021A    $aProblem zatorów i powodzi zatorowych na dolnej Wiśle 
027A    $aIce jams and ice floods in the Lower Vistula 
028A    $aGrześ $dMarek 
031A    $d57 $e4 $h499-525 $j1985 
037A    $aruss. Res.: 523-524; engl. Res.: 524-525 
039B    $aIn $8--Abvc--. Przegla̜d geograficzny. - Warszawa : Państwowe Wydawn. Naukowe, 1918-. - ISSN 0033-2143 $x198500000570004501 $9047308648 
045F    $a911.4382 $eDDC23BSB 
045F/01 $a911 
045F/03 $g4382 
045F/03 $g43832 
045T    $a14 
046C    $aIce jams and ice floods in the Lower Vistula $bÜbers. des Hauptsacht. 

lok: 39192016 78

exp: 39192016 78 1 #EPN
201B/01 $002-06-21 $t22:48:09.000 
201U/01 $0utf8 
203@/01 $0788015982 
208@/01 $a11-11-16 $be 
209A/01 $a/ $f000 $x00 
220C/01 $aTitelaufnehmer: kl 
244Z/01 $2Trx $#Prusy Wschodnie i Zachodnie $8--Trx--Ost- und Westpreußen $x01 $939113373X 
244Z/01 $#Wisła Fluss $#Vysla upė $#Vistula river $#Visla řeka $74079105-1 $8--Tg1--Weichsel$gFluss $x02 $908522443X 
244Z/01 $2Trx $#looduskatastroofid $#stichinės nelaimės $#Natural disasters $#természeti katasztrófák $#klęski elementarne $#prírodné katastrofy $#katastrofy přírodní $#Hochwasser $#Überschwemmungen $#powodzie $#klęski żywiołowe $#povodne $#povodně $8--Trx--Naturkatastrophen $x03 $9391382284 
244Z/01 $2Trx $#veeteed $#laivyba $#water ways $#vízutak $#komunikacja wodna $#komunikácie vodné $#cesty vodní $#Wasserstraße $8--Trx--Wasserwege $x04 $939137589X 
244Z/01 $2Trx $8--Trx--Zeitschriftenaufsatz $x05 $9391384341 
245Z/01 $a02 $x01 
247C/01 $82080>Marburg/Lahn, Herder-Institut, Forschungsbibliothek, Bibliographieportal $9336309341
LEADER 00000caa a22000002c 4500
001 391920162
003 DE-603
005 20210312190548.0
007 tu
008 161111s1985 xx |||| | u00||u|pol c
035 |a (DE-599)HEB391920162 
040 |a DE-603  |b ger  |c DE-603  |d DE-603 
041 |a pol 
082 0 4 |8 1\u  |a 911.4382  |q DE-101  |2 23/BSB 
084 |a 14  |2 ssgn 
085 |8 1\u  |b 911 
085 |8 1\u  |z 2  |s 4382 
085 |8 1\u  |z 2  |s 43832 
100 1 |a Grześ, Marek 
245 0 0 |a Problem zatorów i powodzi zatorowych na dolnej Wiśle 
246 1 |i Übers. des Hauptsacht.  |a Ice jams and ice floods in the Lower Vistula 
246 1 3 |a Ice jams and ice floods in the Lower Vistula 
264 0 |c 1985 
500 |a russ. Res.: 523-524; engl. Res.: 524-525 
773 0 8 |i In  |t Przegla̜d geograficzny  |d Warszawa : Państwowe Wydawn. Naukowe, 1918-  |x 0033-2143  |g Band 57, Heft 4 (1985), Seite 499-525  |w (DE-603)047308648  |w (DE-600)209415-0 
924 0 |9 2080  |a (DE-603)788015982  |b DE-2080  |c HES  |d d  |g /